00361pab a2200145 454500008004000000100001900040245005300059260000900112300001300121362000800134650002000142650001600162650001800178773001900196180718b2003 xxu||||| |||| 00| 0 eng d aKumar, D. Siva aICDS - awareness of health needs for adolescents c2003 ap.38-39. aApr aHealth services aAdolescents aChild welfare aSocial Welfare